| 000 | 00455nam a22001697a 4500 | ||
|---|---|---|---|
| 003 | LK-CoDNM | ||
| 005 | 20240924131431.0 | ||
| 008 | 240924b |||||||| |||| 00| 0 eng d | ||
| 040 |
_aLK-CoDNM _dLK-CoDNM _eLK-CoDNM |
||
| 041 | _aeng | ||
| 080 |
_a22 _bA5 |
||
| 100 | _aPieris, P.E. | ||
| 245 | _aAn account of king Kirthi Sri's Embassy to siam in 1672 Saka | ||
| 260 |
_aColombo _bRoyal Asiatic Society _c1903 |
||
| 300 | _b57p. ; 19 cm | ||
| 942 | _cBK | ||
| 999 |
_c152602 _d152602 |
||